000 00727nam a2200265Ia 4500
005 20260302114748.0
008 008 260114s9999 xx 000 0 eng d
020 _a9781350336865
037 _aTextbook
040 _aCRL
040 _beng
040 _cCRL
041 _2eng
041 _aeng
084 _qCRL
100 _aLeonid Bilmes
_91119681
245 0 _aEkphrasis, Memory and Narrative after Proust Prose Pictures and Fictional Recollection
260 _bBloomsbury
260 _bBloomsbury Academic
260 _c2022
650 _aLiterary Studies
856 _uhttps://doi.org/10.5040/9781350336865?locatt=label:secondary_bloomsburyCollections
942 _cEBOOK
999 _c1683746
_d1683746